“卤鹅”地点数量≥80的地级行政区 Prefectures with ≥80 "Lu'e" sites - Statistics

General Stats
  • This quiz has been taken 36 times
  • The average score is 10 of 17
Answer Stats
地级行政区 数量 % Correct
广州 332
97%
深圳 494
94%
上海 490
94%
东莞 91
84%
重庆 1563
75%
成都 571
72%
汕头 281
72%
武汉 211
69%
南京 118
69%
潮州 137
66%
揭阳 144
59%
合肥 174
41%
漳州 80
34%
赣州 261
22%
乐山 84
16%
内江 93
9%
滁州 164
6%
No matching quizzes found
Score Distribution
Percent of People with Each Score
Percentile by Number Answered
Your Score History
You have not taken this quiz